[Event "73rd Tata Steel GMB"]
[Site "Wijk aan Zee NED"]
[Date "2011.01.15"]
[Round "1"]
[White "Tkachiev, Vladislav"]
[Black "Fressinet, Laurent"]
[Result "1/2-1/2"]
[WhiteTitle "GM"]
[BlackTitle "GM"]
[WhiteElo "2636"]
[BlackElo "2707"]
[WhiteFideId "618438"]
[BlackFideId "608742"]
[EventDate "2011.01.14"]

1. Nf3 d5 2. c4 c6 3. g3 Nf6 4. Bg2 dxc4 5. O-O Nbd7 6. Qc2 Nb6 7. Na3 Qd5 8.
Ne1 Qd4 9. e3 Qg4 10. e4 e5 11. Nxc4 Nxc4 12. Qxc4 Be6 13. Qc2 Qe2 14. b3 O-O-O
15. Qc3 Qb5 16. Bb2 Bc5 17. Nf3 Rhe8 18. Nxe5 Qb6 19. Qc2 Bd4 20. Nf3 Bxb2 21.
Qxb2 Bc4 22. Rfe1 Nxe4 23. Re3 Nf6 24. Rae1 Rxe3 25. dxe3 Bd5 26. Qe5 Qc7 27.
Qg5 Rg8 28. e4 h6 29. Qf5+ Be6 30. Qc5 Qb6 31. Qxb6 axb6 32. Nd4 Kc7 33. f4 1/2-1/2

[Event "73rd Tata Steel GMB"]
[Site "Wijk aan Zee NED"]
[Date "2011.01.15"]
[Round "1"]
[White "Nijboer, Friso"]
[Black "Li, Chao b"]
[Result "1/2-1/2"]
[WhiteTitle "GM"]
[BlackTitle "GM"]
[WhiteElo "2584"]
[BlackElo "2649"]
[WhiteFideId "1000063"]
[BlackFideId "8604436"]
[EventDate "2011.01.14"]

1. e4 e5 2. Nf3 Nf6 3. Nxe5 d6 4. Nf3 Nxe4 5. d4 d5 6. Bd3 Nc6 7. O-O Be7 8. c4
Nb4 9. Be2 O-O 10. Nc3 Bf5 11. a3 Nxc3 12. bxc3 Nc6 13. Re1 Re8 14. Bf4 dxc4 15.
Bxc4 Bd6 16. Rxe8+ Qxe8 17. Bxd6 cxd6 18. Ng5 Bg6 19. h4 Qe7 20. Qg4 h6 21. Nh3
Qe4 22. Qg3 Na5 23. Ba2 Qc2 24. Bd5 Rc8 25. Re1 Qxc3 26. Re8+ Kh7 27. Rxc8 Qxc8
28. Qxd6 Qe8 29. Nf4 Be4 30. Qb4 Bxd5 31. Qxa5 Bc6 32. d5 Qe5 33. Qxa7 1/2-1/2

[Event "73rd Tata Steel GMB"]
[Site "Wijk aan Zee NED"]
[Date "2011.01.15"]
[Round "1"]
[White "Sargissian, Gabriel"]
[Black "Ganguly, Surya Shekhar"]
[Result "1-0"]
[WhiteTitle "GM"]
[BlackTitle "GM"]
[WhiteElo "2667"]
[BlackElo "2651"]
[WhiteFideId "13300881"]
[BlackFideId "5002150"]
[EventDate "2011.01.14"]

1. d4 d5 2. c4 dxc4 3. e4 e5 4. Nf3 exd4 5. Bxc4 c5 6. Ne5 Be6 7. Bxe6 fxe6 8.
Qh5+ g6 9. Nxg6 Nf6 10. Qh3 hxg6 11. Qxh8 Nxe4 12. Nd2 Qf6 13. Qxf6 Nxf6 14. a4
Bh6 15. Nc4 Bxc1 16. Rxc1 Kd7 17. f4 Nc6 18. Ke2 Rh8 19. g3 Rh5 20. h4 Rd5 21.
Rce1 d3+ 22. Ke3 Rd4 23. b3 Ne4 24. Kf3 d2 25. Rd1 Nb4 26. Rh2 Nd5 27. Rdxd2
Nxd2+ 28. Rxd2 Rxd2 29. Nxd2 b6 30. Kg4 Ke7 31. Kg5 Kf7 32. g4 a6 33. Ne4 a5 34.
h5 gxh5 35. gxh5 Ne3 36. Nd6+ Kg7 37. f5 e5 38. f6+ 1-0

[Event "73rd Tata Steel GMB"]
[Site "Wijk aan Zee NED"]
[Date "2011.01.15"]
[Round "1"]
[White "Hammer, Jon Ludvig"]
[Black "Efimenko, Zahar"]
[Result "0-1"]
[WhiteTitle "GM"]
[BlackTitle "GM"]
[WhiteElo "2647"]
[BlackElo "2701"]
[WhiteFideId "1503707"]
[BlackFideId "14107201"]
[EventDate "2011.01.14"]

1. d4 Nf6 2. c4 e6 3. Nf3 d5 4. Nc3 Bb4 5. Bg5 Nbd7 6. Qb3 c5 7. a3 dxc4 8. Qxc4
Bxc3+ 9. Qxc3 h6 10. Bxf6 Qxf6 11. Rc1 b6 12. e3 a6 13. dxc5 bxc5 14. Nd2 Rb8
15. Nc4 Qxc3+ 16. Rxc3 Ke7 17. f3 Bb7 18. Na5 Ba8 19. b3 Rb6 20. Be2 f5 21. Nc4
Rbb8 22. Kf2 Bd5 23. Nd2 Rhf8 24. Rhc1 Rb6 25. Bd3 Rfb8 26. Bc2 Rd6 27. Ke1 Ba8
28. Nc4 Rd5 29. f4 g5 30. Bd1 gxf4 31. Bf3 Nf6 32. Bxd5 Nxd5 33. Rd3 Rg8 34. g3
fxg3 35. hxg3 Rxg3 36. Kf2 Rh3 37. Rg1 Bc6 38. Ne5 Bb5 39. Rxd5 exd5 40. Ng6+
Kd6 41. Nf4 Rh2+ 42. Kf3 d4 43. Rg6+ Kd7 44. Rg7+ Ke8 45. exd4 cxd4 46. a4 Bc6+
47. Kg3 Rb2 48. Ne6 Rxb3+ 49. Kf4 Re3 50. Nc7+ Kf8 51. Rg6 Bxa4 52. Rxh6 Bc2 53.
Rxa6 Kf7 54. Nd5 Re4+ 55. Kf3 d3 56. Ra7+ Kf8 57. Ra8+ Kg7 58. Ne3 d2 59. Nxf5+
Kf6 60. Rd8 Kxf5 61. Rxd2 Bb3 62. Rd3 Be6 63. Kf2 Ra4 64. Rf3+ Kg5 65. Rf8 Re4
66. Rf3 Bg4 67. Re3 Ra4 68. Kg3 Bf5 69. Rc3 Rh4 70. Rf3 Rd4 71. Re3 Be4 72. Ra3
Rd2 73. Ra5+ Bd5 74. Rc5 Kf5 75. Kh4 Kf4 76. Rc3 Be6 77. Kh5 Bf5 78. Kh6 Rd7 0-1

[Event "73rd Tata Steel GMB"]
[Site "Wijk aan Zee NED"]
[Date "2011.01.16"]
[Round "2"]
[White "Ganguly, Surya Shekhar"]
[Black "Hammer, Jon Ludvig"]
[Result "1-0"]
[WhiteTitle "GM"]
[BlackTitle "GM"]
[WhiteElo "2651"]
[BlackElo "2647"]
[WhiteFideId "5002150"]
[BlackFideId "1503707"]
[EventDate "2011.01.14"]

1. e4 e5 2. Nf3 Nc6 3. Bb5 Nf6 4. O-O Nxe4 5. d4 Nd6 6. Bxc6 dxc6 7. dxe5 Nf5 8.
Qxd8+ Kxd8 9. h3 Bd7 10. Rd1 Be7 11. Bg5 Kc8 12. g4 h6 13. Bd2 Nh4 14. Nxh4 Bxh4
15. Bc3 h5 16. f3 hxg4 17. hxg4 Bg3 18. Nd2 Re8 19. e6 Bxe6 20. Ne4 Bf4 21. Bxg7
f5 22. Nf6 Re7 23. Re1 fxg4 24. Bf8 Rf7 25. Rxe6 Rxf8 26. fxg4 b6 27. Rf1 Bd2
28. Rxc6 Kb7 29. Re6 Rad8 30. Kg2 Bg5 31. Ne4 Rxf1 32. Kxf1 Bc1 33. b3 Rg8 34.
Nf2 Ba3 35. Re4 a5 36. Ke2 Kc6 37. Kf3 Kd5 38. c4+ Kc6 39. Nd3 Bd6 40. a4 Rf8+
41. Nf4 Rg8 42. Ne6 Rg6 43. Nd4+ Kd7 44. Nf5 Ba3 45. Re1 Bb2 46. Kf4 Bf6 47. Ng3
Bh4 48. Rd1+ Ke6 49. Ne4 Be7 50. g5 Rg8 51. Re1 Rh8 52. Nc3+ Kd6 53. Nd5 Bd8 54.
Kf5 Rh3 55. Rd1 Kc6 56. Nf4 Rh8 57. g6 Rf8+ 58. Ke6 Bf6 59. Nh5 Bb2 60. Rd2 Ba1
61. Rd5 Rf3 62. Rf5 Rxf5 63. Kxf5 Bh8 64. Ke6 Kc5 65. Kf7 Kb4 66. Ng7 Kxb3 67.
Kg8 1-0

[Event "73rd Tata Steel GMB"]
[Site "Wijk aan Zee NED"]
[Date "2011.01.16"]
[Round "2"]
[White "Fressinet, Laurent"]
[Black "Efimenko, Zahar"]
[Result "1/2-1/2"]
[WhiteTitle "GM"]
[BlackTitle "GM"]
[WhiteElo "2707"]
[BlackElo "2701"]
[WhiteFideId "608742"]
[BlackFideId "14107201"]
[EventDate "2011.01.14"]

1. e4 e5 2. Nf3 Nc6 3. Bc4 Bc5 4. b4 Bxb4 5. c3 Be7 6. d4 Na5 7. Nxe5 Nxc4 8.
Nxc4 d5 9. exd5 Qxd5 10. Ne3 Qa5 11. O-O Nf6 12. c4 O-O 13. Bd2 Bb4 14. Bxb4
Qxb4 15. Qd3 b6 16. Nc3 Bd7 17. Rfd1 Rad8 18. a4 a5 19. h3 Qd6 20. Rac1 Rfe8 21.
c5 bxc5 22. dxc5 Qxd3 23. Rxd3 Rb8 24. Rcd1 Bc6 25. Nc4 Rb4 26. Nxa5 Bxa4 27.
Rd4 Rxd4 28. Rxd4 Re1+ 29. Kh2 Be8 30. Nb3 1/2-1/2

[Event "73rd Tata Steel GMB"]
[Site "Wijk aan Zee NED"]
[Date "2011.01.16"]
[Round "2"]
[White "Li, Chao b"]
[Black "McShane, Luke J"]
[Result "0-1"]
[WhiteTitle "GM"]
[BlackTitle "GM"]
[WhiteElo "2649"]
[BlackElo "2664"]
[WhiteFideId "8604436"]
[BlackFideId "404853"]
[EventDate "2011.01.14"]

1. d4 Nf6 2. c4 g6 3. Nc3 Bg7 4. e4 d6 5. h3 O-O 6. Bg5 a6 7. Bd3 c5 8. d5 e6 9.
Nf3 exd5 10. cxd5 b5 11. O-O Re8 12. Qd2 Nbd7 13. Rfe1 Qe7 14. a4 b4 15. Ne2 a5
16. Bb5 Nxe4 17. Bxe7 Nxd2 18. Bxd6 Ne4 19. Bc7 Bxb2 20. Rab1 Bg7 21. Nf4 Nef6
22. g4 Bb7 23. Bc6 Rxe1+ 24. Rxe1 Rc8 25. Bxa5 Bxc6 26. dxc6 Rxc6 27. g5 Nh5 28.
Nd5 Rd6 29. Re8+ Bf8 30. Ne3 Ng7 31. Rc8 Ne6 32. Bd8 Kg7 33. a5 Nxd8 34. Rxd8
Ne5 35. Rxd6 Nxf3+ 36. Kg2 Nh4+ 37. Kg3 Bxd6+ 38. Kxh4 Kf8 39. Kg4 Ke7 40. a6
Bb8 41. Kf3 Kd6 42. Ke4 Kc6 43. Nc4 Kb5 44. Kd5 b3 45. Na3+ Kb4 46. Nc4 Ba7 47.
Nb2 Kc3 48. Na4+ Kc2 49. Kc6 c4 50. Kd5 b2 51. Nxb2 Kxb2 52. Kxc4 Kc2 53. f4 Kd2
54. Kd5 Ke3 55. Ke5 Bb8+ 0-1

[Event "73rd Tata Steel GMB"]
[Site "Wijk aan Zee NED"]
[Date "2011.01.16"]
[Round "2"]
[White "Spoelman, Wouter"]
[Black "Wojtaszek, Radoslaw"]
[Result "1/2-1/2"]
[WhiteTitle "GM"]
[BlackTitle "GM"]
[WhiteElo "2547"]
[BlackElo "2726"]
[WhiteFideId "1010891"]
[BlackFideId "1118358"]
[EventDate "2011.01.14"]

1. d4 Nf6 2. c4 e6 3. Nc3 Bb4 4. Qc2 O-O 5. e4 d6 6. a3 Bxc3+ 7. bxc3 e5 8. Bd3
c5 9. d5 Nbd7 10. Ne2 Re8 11. h4 Nf8 12. f3 h6 13. g4 N6h7 14. Kf2 Qf6 15. Kg3
g5 16. Be3 Ng6 17. hxg5 hxg5 18. Rh6 Kg7 19. Rah1 Rh8 20. R1h5 Qe7 21. Qc1 f6
22. Qh1 Nh4 23. Kf2 Bd7 24. Ng3 Rag8 25. Nf5+ Bxf5 26. exf5 Kf8 27. Ke2 Kg7 28.
Bf2 Qd8 29. Bxh4 gxh4 30. Rg6+ Kf7 31. Rxg8 Kxg8 32. Qxh4 Kg7 33. Bc2 Ng5 34.
Rxh8 1/2-1/2

[Event "73rd Tata Steel GMB"]
[Site "Wijk aan Zee NED"]
[Date "2011.01.16"]
[Round "2"]
[White "Tkachiev, Vladislav"]
[Black "Nijboer, Friso"]
[Result "1/2-1/2"]
[WhiteTitle "GM"]
[BlackTitle "GM"]
[WhiteElo "2636"]
[BlackElo "2584"]
[WhiteFideId "618438"]
[BlackFideId "1000063"]
[EventDate "2011.01.14"]

1. d4 Nf6 2. c4 g6 3. g3 Bg7 4. Bg2 O-O 5. Nc3 d6 6. h3 Nc6 7. e3 Bd7 8. Nge2
Qc8 9. b3 e5 10. Bb2 a5 11. Qd2 Re8 12. a3 h5 13. dxe5 dxe5 14. Nd5 Ne7 15. Rc1
Ra6 16. e4 Nexd5 17. cxd5 c6 18. Qe3 Qb8 19. dxc6 Rxc6 20. O-O Be6 21. Rxc6 bxc6
22. Nc1 Nd7 23. Rd1 Bf8 24. Qc3 Qb6 25. Rd3 f6 26. Qc2 Rb8 27. Rc3 c5 28. Bf1
Kg7 29. a4 Bd6 30. Kh2 h4 31. Bb5 hxg3+ 32. Rxg3 Rh8 33. Nd3 Qc7 34. Qc3 Rh4 35.
f3 1/2-1/2

[Event "73rd Tata Steel GMB"]
[Site "Wijk aan Zee NED"]
[Date "2011.01.17"]
[Round "3"]
[White "Wojtaszek, Radoslaw"]
[Black "Li, Chao b"]
[Result "1-0"]
[WhiteTitle "GM"]
[BlackTitle "GM"]
[WhiteElo "2726"]
[BlackElo "2649"]
[WhiteFideId "1118358"]
[BlackFideId "8604436"]
[EventDate "2011.01.14"]

1. d4 Nf6 2. c4 g6 3. g3 Bg7 4. Bg2 d5 5. cxd5 Nxd5 6. e4 Nb6 7. Ne2 c5 8. d5 e6
9. O-O O-O 10. Nec3 exd5 11. exd5 Bf5 12. g4 Bxb1 13. Rxb1 Qd7 14. Ne4 Na6 15.
g5 Qf5 16. d6 Rad8 17. Qf3 Nc4 18. Bf4 Nb4 19. Rfc1 b5 20. b3 Nd5 21. Bg3 Na3
22. Rxc5 Nxb1 23. Rxd5 Qc8 24. Nf6+ Kh8 25. h4 Qc2 26. Qd3 Qc1+ 27. Kh2 Nc3 28.
Rc5 b4 29. d7 Qb2 30. Bh3 Qxa2 31. Rc8 a6 32. Qe3 Qe2 33. Rxc3 1-0

[Event "73rd Tata Steel GMB"]
[Site "Wijk aan Zee NED"]
[Date "2011.01.17"]
[Round "3"]
[White "Hammer, Jon Ludvig"]
[Black "So, Wesley"]
[Result "1/2-1/2"]
[WhiteTitle "GM"]
[BlackTitle "GM"]
[WhiteElo "2647"]
[BlackElo "2673"]
[WhiteFideId "1503707"]
[BlackFideId "5202213"]
[EventDate "2011.01.14"]

1. Nf3 Nf6 2. c4 e6 3. d4 d5 4. Nc3 Be7 5. Bg5 h6 6. Bh4 O-O 7. e3 Ne4 8. Bxe7
Qxe7 9. Rc1 c6 10. Be2 Nd7 11. O-O Nxc3 12. Rxc3 dxc4 13. Bxc4 b6 14. Bd3 c5 15.
Be4 Rb8 16. Qa4 Nf6 17. Bc6 cxd4 18. exd4 a5 19. Qa3 Qxa3 20. Rxa3 Rd8 21. Rc3
Ba6 22. Rfc1 Be2 23. Ne5 Rxd4 24. R3c2 Bd1 25. Rc3 Nd5 26. Rd3 Rxd3 27. Nxd3 Rc8
28. Bxd5 Rxc1 29. Nxc1 exd5 30. Kf1 g5 31. Ke1 Bh5 32. Kd2 Kf8 33. Nb3 Ke7 34.
Nd4 Bg6 35. g3 Kd6 36. a3 Kc5 37. Kc3 a4 38. f4 g4 39. b4+ axb3 40. Nxb3+ Kb5
41. Nd4+ Ka4 42. Kb2 Be4 43. Ne2 Bf3 44. Nd4 h5 45. Nb3 Be4 46. Nd4 Bf3 47. Nb3
Be4 48. Nd4 b5 49. Nc6 d4 50. Nxd4 b4 51. axb4 Kxb4 52. f5 Kc4 53. Ne2 h4 54.
gxh4 Bxf5 55. Ng3 Bh7 56. Nh5 Kd4 57. Nf6 Bf5 58. Kc1 Ke5 59. Nh5 Bg6 60. Ng3
Kf4 61. Kd2 Kf3 62. h5 Bh7 63. h6 Kf4 1/2-1/2

[Event "73rd Tata Steel GMB"]
[Site "Wijk aan Zee NED"]
[Date "2011.01.17"]
[Round "3"]
[White "McShane, Luke J"]
[Black "Tkachiev, Vladislav"]
[Result "1-0"]
[WhiteTitle "GM"]
[BlackTitle "GM"]
[WhiteElo "2664"]
[BlackElo "2636"]
[WhiteFideId "404853"]
[BlackFideId "618438"]
[EventDate "2011.01.14"]

1. e4 e5 2. Nf3 Nc6 3. Bb5 a6 4. Ba4 Nf6 5. O-O b5 6. Bb3 Bc5 7. c3 d6 8. d3 h6
9. Nbd2 O-O 10. Re1 Ne7 11. Nf1 Ng6 12. Ng3 Re8 13. h3 Bb7 14. Nh2 d5 15. Qf3
Nh4 16. Qe2 Ng6 17. Ng4 Nf4 18. Qf3 dxe4 19. dxe4 Nxg4 20. hxg4 Qf6 21. Nf5 Rad8
22. Bxf4 exf4 23. Qxf4 Bd6 24. Nxh6+ Qxh6 25. Bxf7+ Kh7 26. Qxh6+ Kxh6 27. Bxe8
Rxe8 28. f3 Kg5 29. Kf2 Bc5+ 30. Kg3 Kf6 31. Rad1 Bd6+ 32. Kf2 Bc5+ 33. Kg3 Bd6+
34. Kf2 Bc5+ 35. Ke2 Bd6 36. Rh1 Bc8 37. a3 Be6 38. Kf2 Bb3 39. Rde1 Bc5+ 40.
Kg3 Bc2 41. Rh5 Bd6+ 42. Kf2 g6 43. Rh7 Bc5+ 44. Kg3 Bd6+ 45. Kf2 Bc5+ 46. Kg3
Bd6+ 47. Kh3 g5 48. Rh6+ Kg7 49. Rh5 Kg6 50. g3 Rd8 51. f4 gxf4 52. e5 Bc5 53.
gxf4 Rd3+ 54. Kg2 Rd2+ 55. Kf3 Rf2+ 56. Kg3 1-0

[Event "73rd Tata Steel GMB"]
[Site "Wijk aan Zee NED"]
[Date "2011.01.17"]
[Round "3"]
[White "Sargissian, Gabriel"]
[Black "Navara, David"]
[Result "1/2-1/2"]
[WhiteTitle "GM"]
[BlackTitle "GM"]
[WhiteElo "2667"]
[BlackElo "2708"]
[WhiteFideId "13300881"]
[BlackFideId "309095"]
[EventDate "2011.01.14"]

1. d4 Nf6 2. c4 g6 3. Nc3 d5 4. cxd5 Nxd5 5. e4 Nxc3 6. bxc3 Bg7 7. Be3 c5 8.
Rc1 Qa5 9. Qd2 cxd4 10. cxd4 Qxd2+ 11. Bxd2 O-O 12. Nf3 Bg4 13. Be3 Bxf3 14.
gxf3 e6 15. Bc4 Nc6 16. d5 exd5 17. Bxd5 Nb4 18. Bxb7 Nd3+ 19. Ke2 Nxc1+ 20.
Rxc1 Rab8 21. Rb1 Rbd8 22. Bxa7 Bd4 23. Bxd4 Rxd4 24. Ke3 Ra4 25. Bd5 Ra3+ 26.
Kf4 Ra7 27. Kg3 1/2-1/2

[Event "73rd Tata Steel GMB"]
[Site "Wijk aan Zee NED"]
[Date "2011.01.17"]
[Round "3"]
[White "Nijboer, Friso"]
[Black "Fressinet, Laurent"]
[Result "1/2-1/2"]
[WhiteTitle "GM"]
[BlackTitle "GM"]
[WhiteElo "2584"]
[BlackElo "2707"]
[WhiteFideId "1000063"]
[BlackFideId "608742"]
[EventDate "2011.01.14"]

1. e4 e5 2. Nf3 Nc6 3. Bb5 a6 4. Ba4 Nf6 5. O-O Be7 6. Re1 b5 7. Bb3 O-O 8. d4
d6 9. c3 Bg4 10. Be3 exd4 11. cxd4 d5 12. e5 Ne4 13. Nc3 Nxc3 14. bxc3 Na5 15.
Bc2 Nc4 16. Qd3 g6 17. Bh6 Re8 18. Qd1 a5 19. h3 Be6 20. Qc1 Qd7 21. Qf4 b4 22.
cxb4 axb4 23. Ng5 Ra6 24. g4 Rea8 25. Bb3 Na5 26. Rac1 Nxb3 27. axb3 Ra3 28. Re3
Ra1 29. Ree1 R1a3 30. Re3 Ra1 31. Ree1 R1a2 32. Re3 Ra1 1/2-1/2

[Event "73rd Tata Steel GMB"]
[Site "Wijk aan Zee NED"]
[Date "2011.01.17"]
[Round "3"]
[White "Le, Quang Liem"]
[Black "Spoelman, Wouter"]
[Result "0-1"]
[WhiteTitle "GM"]
[BlackTitle "GM"]
[WhiteElo "2664"]
[BlackElo "2547"]
[WhiteFideId "12401137"]
[BlackFideId "1010891"]
[EventDate "2011.01.14"]

1. d4 d5 2. c4 c6 3. Nf3 Nf6 4. Nc3 dxc4 5. a4 e6 6. e4 Bb4 7. Bxc4 Nxe4 8. O-O
Nxc3 9. bxc3 Be7 10. Ne5 Nd7 11. Qg4 O-O 12. Bh6 Bf6 13. Rae1 Kh8 14. Bf4 g6 15.
Re3 Bg7 16. Rh3 Nxe5 17. dxe5 Kg8 18. Bg5 Qa5 19. Qh4 h5 20. Bf6 Bxf6 21. Qxf6
Qd8 22. Qf4 Qe7 23. Qh6 Rd8 24. Be2 Qf8 25. Qf4 b6 26. Re1 Rd5 27. Bxh5 Ba6 28.
Rg3 Qg7 29. h4 Bd3 30. Bf3 Rc5 31. Qd4 Bf5 32. h5 Qf8 33. hxg6 fxg6 34. Bh5 Kg7
35. Re4 Rd8 36. Qe3 Rcd5 37. Bxg6 Rd1+ 38. Kh2 Qh8+ 39. Bh5+ Kf8 40. Rh4 R8d7
41. Qf4 Rh7 42. Rg5 Ke7 43. Rxf5 exf5 44. Qxf5 Rd8 45. Rh3 Rf8 46. Qg5+ Kd7 47.
Bg4+ Kc7 48. f3 Qg7 49. Rxh7 Qxh7+ 50. Bh3 Rg8 51. Qd2 Qg7 52. Qd6+ Kb7 53. Bg4
Qg5 54. e6 Rd8 55. Qg3 Rh8+ 56. Bh3 Qxg3+ 57. Kxg3 Kc7 58. f4 Kd6 59. Kf3 a5 60.
Bf5 b5 61. Bd3 bxa4 62. f5 Ke5 63. g4 a3 64. Bc4 a4 65. Kg3 Rb8 66. Kf3 Rb2 67.
Ke3 Kd6 68. f6 a2 69. Bxa2 Rxa2 70. e7 Kd7 71. Kf3 Rb2 72. g5 Rb8 73. g6 Ke6 0-1

[Event "73rd Tata Steel GMB"]
[Site "Wijk aan Zee NED"]
[Date "2011.01.18"]
[Round "4"]
[White "So, Wesley"]
[Black "Efimenko, Zahar"]
[Result "1/2-1/2"]
[WhiteTitle "GM"]
[BlackTitle "GM"]
[WhiteElo "2673"]
[BlackElo "2701"]
[WhiteFideId "5202213"]
[BlackFideId "14107201"]
[EventDate "2011.01.14"]

1. d4 Nf6 2. c4 e6 3. g3 Bb4+ 4. Bd2 Be7 5. Bg2 d5 6. Nf3 c6 7. Qc2 O-O 8. O-O
Nbd7 9. Rd1 b6 10. Bf4 Bb7 11. Nc3 dxc4 12. Nd2 Nd5 13. Nxc4 Nxf4 14. gxf4 Qc7
15. e3 Rad8 16. a3 c5 17. d5 exd5 18. Bxd5 Nf6 19. Bxb7 Qxb7 20. a4 g6 21. Rxd8
Rxd8 22. Rd1 Kg7 23. Qb3 Rxd1+ 24. Qxd1 Qc8 25. f3 Qb8 26. Qd3 h5 27. Kg2 a6 28.
Ne5 Bd6 29. Nc4 Bc7 30. Nd2 Qd8 31. Qxd8 Bxd8 32. b3 Bc7 33. Kf2 Kf8 34. Ke2 Ke7
35. Nde4 Nxe4 36. fxe4 Kd7 37. e5 Bd8 38. Kd3 Kc6 39. Ke4 b5 40. axb5+ axb5 41.
Ne2 Bh4 42. f5 gxf5+ 43. Kxf5 c4 44. bxc4 bxc4 45. e6 fxe6+ 46. Kxe6 Kc5 1/2-1/2

[Event "73rd Tata Steel GMB"]
[Site "Wijk aan Zee NED"]
[Date "2011.01.18"]
[Round "4"]
[White "Li, Chao b"]
[Black "Le, Quang Liem"]
[Result "1-0"]
[WhiteTitle "GM"]
[BlackTitle "GM"]
[WhiteElo "2649"]
[BlackElo "2664"]
[WhiteFideId "8604436"]
[BlackFideId "12401137"]
[EventDate "2011.01.14"]

1. d4 Nf6 2. c4 e6 3. Nc3 Bb4 4. Qc2 O-O 5. e4 d6 6. Bd3 Nc6 7. Ne2 Ba5 8. a3
Bb6 9. e5 dxe5 10. Bg5 h6 11. Bxf6 Qxf6 12. c5 exd4 13. Ne4 Qg6 14. cxb6 f5 15.
N4g3 e5 16. bxc7 e4 17. Bc4+ Kh7 18. O-O d3 19. Bxd3 exd3 20. Qxd3 f4 21. Qxg6+
Kxg6 22. Ne4 f3 23. N2c3 Rf7 24. Nd5 Be6 25. Nec3 Nd4 26. Rfe1 Ne2+ 27. Kh1 Kh7
28. gxf3 Nxc3 29. Nxc3 Bd7 30. Rac1 Bc6 31. Nb5 a6 32. Nd4 Rxc7 33. Nxc6 bxc6
34. Rc5 Rf8 35. Kg2 Rf6 36. Rec1 Kg8 37. b4 Kf7 38. a4 Rb7 39. R1c4 Rb6 40. h4
Ke7 41. h5 Rb8 42. Kg3 Rb6 43. f4 Rd6 44. a5 Rb5 45. Rxc6 Rxh5 46. Rc7+ Kf6 47.
Rb7 Rhd5 48. Rcc7 g5 49. Rh7 gxf4+ 50. Kxf4 Rf5+ 51. Kg3 Rg5+ 52. Kf3 Rf5+ 53.
Kg2 Ke5 54. Rbd7 Rg6+ 55. Kf1 Rgf6 56. Rhe7+ Kf4 57. Rd4+ Kg5 58. Rg7+ Kh5 59.
Rg2 Re6 60. Rd3 Rg5 61. Rd7 Re4 62. Rb7 Rb5 63. Rxb5+ axb5 64. Rg3 Rxb4 65. Ra3
Rb1+ 66. Kg2 b4 67. Ra4 b3 68. a6 b2 69. Ra5+ Kh4 70. a7 Rd1 71. a8=Q b1=Q 72.
Ra4+ Kg5 73. Qg8+ Kf6 74. Ra6+ Ke5 75. Qe6+ Kd4 76. Ra4+ Kc3 77. Rc4+ Kd3 78.
Qe4+ 1-0

[Event "73rd Tata Steel GMB"]
[Site "Wijk aan Zee NED"]
[Date "2011.01.18"]
[Round "4"]
[White "Tkachiev, Vladislav"]
[Black "Wojtaszek, Radoslaw"]
[Result "1/2-1/2"]
[WhiteTitle "GM"]
[BlackTitle "GM"]
[WhiteElo "2636"]
[BlackElo "2726"]
[WhiteFideId "618438"]
[BlackFideId "1118358"]
[EventDate "2011.01.14"]

1. Nf3 Nf6 2. c4 e6 3. g3 d5 4. Bg2 dxc4 5. Qc2 c5 6. O-O Be7 7. Na3 O-O 8. Nxc4
Nc6 9. b3 b5 10. Nce5 Nb4 11. Qb1 Bb7 12. Bb2 h6 13. Rc1 Qb6 14. a3 Nc6 15. Nxc6
Bxc6 16. b4 c4 17. d3 cxd3 18. Rxc6 Qxc6 19. Nd4 Qd7 20. Bc6 Qd8 21. Bxa8 Qxa8
22. Qxd3 a6 23. a4 bxa4 24. Rxa4 Qb7 25. Qxa6 Qxa6 26. Rxa6 Bxb4 27. Nc6 Bc5 28.
Bxf6 gxf6 29. Ra5 Bd6 30. Ra7 Rc8 31. Ne7+ Bxe7 32. Rxe7 1/2-1/2

[Event "73rd Tata Steel GMB"]
[Site "Wijk aan Zee NED"]
[Date "2011.01.18"]
[Round "4"]
[White "Spoelman, Wouter"]
[Black "Sargissian, Gabriel"]
[Result "1/2-1/2"]
[WhiteTitle "GM"]
[BlackTitle "GM"]
[WhiteElo "2547"]
[BlackElo "2667"]
[WhiteFideId "1010891"]
[BlackFideId "13300881"]
[EventDate "2011.01.14"]

1. d4 d5 2. c4 e6 3. Nc3 Be7 4. cxd5 exd5 5. Bf4 c6 6. e3 Bf5 7. Nge2 Nf6 8. Ng3
Be6 9. Bd3 Nbd7 10. O-O Nf8 11. Rb1 Ng6 12. Bg5 Nd7 13. Bxe7 Nxe7 14. b4 O-O 15.
Qc2 g6 16. Na4 b5 17. Nc5 Nxc5 18. Qxc5 a5 19. a3 axb4 20. axb4 Qd7 21. Ra1 Rfb8
22. Rfc1 Qd8 23. Nf1 Kf8 24. Nd2 Rxa1 25. Rxa1 Ra8 26. Rb1 Kg7 27. Nb3 Ra3 28.
Bc2 Ra6 29. Na5 Qd7 30. Rc1 Qa7 31. Qd6 Qd7 32. Qc5 Qa7 33. Qc3 Kg8 34. Bd3 Bd7
35. f3 Nc8 36. Qc5 Qxc5 37. Rxc5 Kf8 38. e4 Ne7 39. exd5 Nxd5 40. Bxb5 Ra7 41.
Bxc6 Nxb4 42. d5 Ke7 43. Rb5 Nc2 44. Nc4 Na3 45. Nxa3 Bxc6 46. dxc6 Rxa3 47.
Rb7+ Ke6 48. c7 Rc3 49. h4 h6 50. Kf2 Kd6 51. Rb6+ Kxc7 52. Rf6 Kd7 53. Rxf7+
Ke6 54. Rf8 Rc2+ 55. Kg3 h5 56. Kh3 Rc3 57. Ra8 Kf6 58. Ra7 Rb3 59. Kg3 Rb4 60.
Ra5 Rc4 61. Rg5 Ra4 62. f4 Ra3+ 63. Kh2 Ra4 64. g3 Ra2+ 65. Kh3 Ra3 66. f5 1/2-1/2

[Event "73rd Tata Steel GMB"]
[Site "Wijk aan Zee NED"]
[Date "2011.01.18"]
[Round "4"]
[White "Nijboer, Friso"]
[Black "McShane, Luke J"]
[Result "1/2-1/2"]
[WhiteTitle "GM"]
[BlackTitle "GM"]
[WhiteElo "2584"]
[BlackElo "2664"]
[WhiteFideId "1000063"]
[BlackFideId "404853"]
[EventDate "2011.01.14"]

1. e4 e5 2. Nf3 Nc6 3. Bb5 Nf6 4. d3 d6 5. d4 Bd7 6. Nc3 a6 7. Bxc6 Bxc6 8. Qd3
Qe7 9. O-O g6 10. a4 Bg7 11. dxe5 dxe5 12. b3 Nh5 13. Qc4 Nf4 14. Bxf4 exf4 15.
Rad1 O-O 16. Nd5 Bxd5 17. exd5 Qd6 18. Ng5 Qe5 19. Nf3 Qd6 20. Ng5 Qe5 1/2-1/2

[Event "73rd Tata Steel GMB"]
[Site "Wijk aan Zee NED"]
[Date "2011.01.18"]
[Round "4"]
[White "Navara, David"]
[Black "Hammer, Jon Ludvig"]
[Result "1/2-1/2"]
[WhiteTitle "GM"]
[BlackTitle "GM"]
[WhiteElo "2708"]
[BlackElo "2647"]
[WhiteFideId "309095"]
[BlackFideId "1503707"]
[EventDate "2011.01.14"]

1. e4 e5 2. Nf3 Nc6 3. Bb5 Nf6 4. O-O Nxe4 5. d4 Nd6 6. Bxc6 dxc6 7. dxe5 Nf5 8.
Qxd8+ Kxd8 9. Nc3 Bd7 10. h3 b6 11. Rd1 Kc8 12. g4 Ne7 13. Ng5 f5 14. e6 Be8 15.
Nf7 Bxf7 16. exf7 Ng6 17. gxf5 Nh4 18. Ne4 Be7 19. Rd3 Rf8 20. Bf4 Nxf5 21. Rad1
a5 22. Ng3 Nd6 23. Bxd6 cxd6 24. Rf3 d5 25. Re1 Bf6 26. Rxf6 gxf6 27. Re7 Kd8
28. Nf5 Rc8 29. Rb7 Rc7 30. Rb8+ Rc8 31. Rb7 Rc7 32. Rb8+ 1/2-1/2